Missing Word: Simpsons Episodes Quiz Stats

Quiz Updated Mar 5, 2016

Challenge
Share
Tweet
Embed
Score 0/20 Timer 03:00
1 Play Today
Episode Missing Word % Correct
___ vs. AustraliaBart
76.3%
Simpsons ___ on an Open FireRoasting
71.1%
Much ___ About NothingApu
56.9%
Deep ___ HomerSpace
49.8%
The Principal and the ___Pauper
45.1%
Marge vs. the ___Monorail
40%
Lard of the ___Dance
37.8%
Helter ___Shelter
36.8%
A Fish Called ___Selma
36.1%
___ School ConfidentialGrade
31%
Episode Missing Word % Correct
Summer of Four ___ TwoFoot
29.5%
When ___ FailedFlanders
26.6%
Lisa's Date with ___Density
23.5%
Sideshow Bob's Last ___Gleaming
19%
E Pluribus ___Wiggum
17.2%
New Kids on the ___Blecch
16.1%
Kill the ___ and RunAlligator
13.4%
___ ChordsYokel
9.4%
Don't Fear the ___Roofer
8.1%
___ NewsFraudcast
6.9%

Today's Daily Dose

You're not logged in!

Compare scores with friends on all Sporcle quizzes.
Join for Free
OR
Log In

You Might Also Like...

Show Comments

Extras

Top Quizzes Today


Score Distribution

Your Account Isn't Verified!

In order to create a playlist on Sporcle, you need to verify the email address you used during registration. Go to your Sporcle Settings to finish the process.

Report this User

Report this user for behavior that violates our Community Guidelines.

Details: